[Event "Pune op U1800 11th"]
[Site "Pune"]
[Date "2024.05.24"]
[Round "1"]
[White "Ajay, Kumar2"]
[Black "Maharnav, Deka"]
[Result "1-0"]
[WhiteElo "1465"]
[BlackElo "1762"]
[PlyCount "103"]
[EventDate "2024.05.24"]
[EventType "swiss"]
[EventRounds "9"]
[EventCountry "IND"]
[SourceTitle "CBM 220 Extra"]
[Source "ChessBase"]
[SourceDate "2024.07.31"]
[SourceVersion "1"]
[SourceVersionDate "2024.07.31"]
[SourceQuality "1"]

1. e4 c6 2. d4 d5 3. Nc3 dxe4 4. Nxe4 Nf6 5. Nxf6+ exf6 6. Nf3 Bd6 7. Be3 Bg4 8. Be2 0-0 9. h3 Bh5 10. g4 Bg6 11. Bd3 Re8 12. Qd2 Bxd3 13. Qxd3 Qa5+ 14. Qd2 Qd5 15. Qe2 Nd7 16. c4 Qe4 17. 0-0-0 b5 18. c5 Bf4 19. Rhe1 f5 20. Rd2 Nf6 21. g5 Bxe3 22. Qxe3 Qd5 23. Qb3 Rxe1+ 24. Nxe1 Qxb3 25. axb3 Ne4 26. Re2 Nxg5 27. Re7 Ne6 28. Nf3 Kf8 29. Rd7 Ke8 30. Rb7 f6 31. Kc2 Kf8 32. Kc3 Nf4 33. Nh4 Nd5+ 34. Kd2 Ne7 35. Ng2 a5 36. Nf4 a4 37. Kc3 g5 38. Ne6+ Kf7 39. Nc7 Rd8 40. bxa4 bxa4 41. Na6 Ke6 42. Nc7+ Kf7 43. Na6 Ke6 44. Nb4 Rd7 45. Rb6 g4 46. h4 Nd5+ 47. Nxd5 Kxd5 48. Ra6 f4 49. Rxa4 g3 50. fxg3 fxg3 51. Ra1 f5 52. Re1 1-0